000 00567nam a2200181Ia 4500
003 GCL
008 140319s9999 xx 000 0 ara d
040 _aGCL /
_cGCL
082 0 4 _a410
_bع ع
100 1 _aعبده الراجحى
245 1 0 _aعلم اللغة التطبيقى وتعليم العربية /
_cعبده الراجحى
300 _a130 ص
490 _aكتاب
_v0
650 0 4 _aعلم اللغة
650 0 4 _aاللغة العربية - طرق تدريس
650 0 4 _aاللغة العربية - قواعد الاملاء
942 _2ddc
_cBK
999 _c41898
_d41898